000 00434nam a2200169Ia 4500
003 GCL
008 140319s9999 xx 000 0 ara d
040 _aGCL /
_cGCL
082 0 4 _aط
_b811.052
_bح ن
100 1 _aحميد قاسم
245 1 0 _aنسمة الصباح /
_cحميد قاسم
300 _a15 ص
490 _aالسلسلة الشعرية
_v0
650 0 4 _aالاطفال
650 0 4 _aالشعر
942 _2ddc
_cBK
999 _c45411
_d45411